|
|
|
|
| LEADER |
00000naa2a2200000 4500 |
| 001 |
244404 |
| 005 |
20251223104120.0 |
| 035 |
|
|
|a (RuTPU)RU\TPU\book\265787
|
| 035 |
|
|
|a RU\TPU\book\265777
|
| 090 |
|
|
|a 244404
|
| 100 |
|
|
|a 20131022d2013 k y0rusy50 ca
|
| 101 |
0 |
|
|a rus
|
| 102 |
|
|
|a RU
|
| 135 |
|
|
|a drnn ---uucaa
|
| 181 |
|
0 |
|a i
|
| 182 |
|
0 |
|a b
|
| 200 |
1 |
|
|a Математическое моделирование теплообмена в помещениях, обогреваемых газовыми инфракрасными излучателями
|f А. Э. Ни
|g науч. рук. Т. А. Нагорнова
|
| 203 |
|
|
|a Текст
|c электронный
|
| 225 |
1 |
|
|a Теплоэнергетика
|
| 300 |
|
|
|a Заглавие с титульного экрана
|
| 320 |
|
|
|a [Библиогр.: с. 242 (4 назв.)]
|
| 337 |
|
|
|a Adobe Reader
|
| 461 |
|
1 |
|0 (RuTPU)RU\TPU\book\263794
|t Современные техника и технологии
|o сборник трудов XIX международной научно-практической конференции студентов, аспирантов и молодых ученых, Томск, 15-19 апреля 2013 г.
|o в 3 т.
|f Национальный исследовательский Томский политехнический университет (ТПУ)
|d 2013
|
| 463 |
|
1 |
|0 (RuTPU)RU\TPU\book\263799
|t Т. 3
|v [С. 241-242]
|d 2013
|
| 610 |
1 |
|
|a труды учёных ТПУ
|
| 610 |
1 |
|
|a электронный ресурс
|
| 610 |
1 |
|
|a математическое моделирование
|
| 610 |
1 |
|
|a теплообмен
|
| 610 |
1 |
|
|a газовые лампы
|
| 610 |
1 |
|
|a инфракрасные излучатели
|
| 610 |
1 |
|
|a помещения
|
| 700 |
|
1 |
|a Ни
|b А. Э.
|c специалист в области теплотехники
|c инженер Томского политехнического университета
|f 1990-
|g Александр Эдуардович
|3 (RuTPU)RU\TPU\pers\35113
|
| 702 |
|
1 |
|a Нагорнова
|b Т. А.
|c специалист в области теплотехники
|c доцент Томского политехнического университета, кандидат технических наук
|f 1981-
|g Татьяна Александровна
|3 (RuTPU)RU\TPU\pers\29375
|4 727
|9 13957
|
| 712 |
0 |
2 |
|a Национальный исследовательский Томский политехнический университет (ТПУ)
|b Энергетический институт (ЭНИН)
|b Кафедра теоретической и промышленной теплотехники (ТПТ)
|3 (RuTPU)RU\TPU\col\18679
|
| 801 |
|
2 |
|a RU
|b 63413507
|c 20160317
|g RCR
|
| 856 |
4 |
|
|u http://www.lib.tpu.ru/fulltext/c/2013/C01/V3/117.pdf
|
| 942 |
|
|
|c CF
|